000 00363cam a2200145ua 4500
041 _aeng
_h
082 _a822
_bSHA/KI
100 _aShakespeare, William.
245 _aKing Lear /
_cWilliam Shakespeare.
_hTextual Documents
260 _aLondon :
_bOxford at the Clarendon Press ,
_c1960.
300 _a256 ; .
504 _a
942 _cBK
999 _c490
_d490